000 00330pam a2200133 a 4500
020 _c
041 _h
082 _a650.1
100 _aEVANS (N)
_eauthor
245 _aUsing Questionaires and Surveys to Boost Your Business
_hTextual Document
260 _bPitman Publication London
_c1995
300 _aVII,232
930 _a11573
999 _c842331
_d842331